Every Type of American Fish - Statistics

General Stats
  • This quiz has been taken 94 times
    93 since last reset
  • The average score is 24 of 95
Answer Stats
Type of Fish % Correct
Bass
93%
Trout
86%
Catfish
79%
Perch
79%
Sunfish
74%
Bluegill
71%
Pike
71%
Minnow
67%
Crappie
62%
Gar
57%
Sturgeon
57%
Walleye
55%
Eel
48%
Paddlefish
45%
Chub
43%
Darter
43%
Shiner
43%
Sucker
40%
Muskellunge
38%
Shad
38%
Bullhead
36%
Cichlid
33%
Pickerel
33%
Pumpkinseed
33%
Bowfin
31%
Buffalo
31%
Drum
31%
Sauger
31%
Sculpin
31%
Char
29%
Dace
29%
Tetra
29%
Lamprey
26%
Madtom
26%
Mosquitofish
26%
Pupfish
26%
Whitefish
26%
Goby
24%
Killifish
24%
Redhorse
24%
Warmouth
24%
Alewife
21%
Flier
21%
Grayling
21%
Herring
21%
Cavefish
19%
Mudminnow
19%
Quillback
19%
Topminnow
19%
Burbot
17%
Fallfish
17%
Silverside
17%
Sleeper
17%
Blackfish
14%
Hardhead
14%
Hogchoker
14%
Logperch
14%
Mooneye
14%
Pikeminnow
14%
Springfish
14%
Stickleback
14%
Chiselmouth
12%
Chubsucker
12%
Cui-ui
12%
Flagfish
12%
Goldeye
12%
Hitch
12%
Molly
12%
Mullet
12%
Pipefish
12%
Poolfish
12%
Stoneroller
12%
Swampfish
12%
Carpsucker
10%
Gambusia
10%
Smelt
10%
Studfish
10%
Trout-Perch
10%
Blindcat
7%
Inconnu
7%
Redside
7%
Roach
7%
Bloater
5%
Bonytail
5%
Cisco
5%
Eulachon
5%
Jumprock
5%
Kiyi
5%
Roller
5%
Spikedace
5%
Spinedace
5%
Splittail
2%
Stonecat
2%
Woundfin
2%
Peamouth
0%
No matching quizzes found
Score Distribution
Percent of People with Each Score
Percentile by Number Answered
Your Score History
You have not taken this quiz since the last reset